| 000 | 00499nam a22001937a 4500 | ||
|---|---|---|---|
| 999 |
_c189069 _d189069 |
||
| 005 | 20220611144929.0 | ||
| 010 | _aA-947604 | ||
| 020 | _a8125015442 | ||
| 035 | _aA-947604 | ||
| 037 | _bDBAD/PUB | ||
| 082 | _aS | ||
| 100 | _aMeeran,Thoppil Mohammad | ||
| 245 |
_aThe story of a seaside village/ _cby Thoppil mohammad meeran |
||
| 260 |
_aMumbai _bOrient Longman Limited _c1998 |
||
| 300 |
_a172p. _c22cm(pbk) |
||
| 500 | _aGlossary | ||
| 700 | _aM.Vijaylakshmi | ||
| 942 |
_2ddc _cEN _mMEE _hS |
||